[Event "CRO-chT2 East"]
[Site "Osijek"]
[Date "2013.05.11"]
[Round "5.12"]
[White "Sasvari, Zelimir"]
[Black "Stefancic, Zeljko"]
[Result "1-0"]
[WhiteElo "2199"]
[BlackElo "1674"]
[PlyCount "91"]
[EventDate "2013.04.20"]
[EventType "team-tourn"]
[EventRounds "11"]
[EventCountry "CRO"]
[SourceTitle "EXT 2023"]
[Source "ChessBase"]
[SourceDate "2022.10.05"]
[SourceVersion "1"]
[SourceVersionDate "2022.10.05"]
[SourceQuality "1"]

1. Nf3 d5 2. c4 c6 3. b3 Nf6 4. Bb2 e6 5. e3 Nbd7 6. Be2 Be7 7. Qc2 b6 8. 0-0 0-0 9. a4 Bb7 10. d3 c5 11. a5 Qc7 12. Nc3 Bc6 13. Ra2 Bd6 14. h3 Ne5 15. Rfa1 Rab8 16. axb6 axb6 17. Nb5 Bxb5 18. cxb5 Rfc8 19. Ra7 Nxf3+ 20. Bxf3 Qd8 21. e4 d4 22. Bc1 Ne8 23. Bg4 Bc7 24. f4 Nd6 25. e5 Nxb5 26. R7a6 g6 27. Bd2 Qd7 28. Bf3 Bd8 29. Qc4 Be7 30. Kh2 h5 31. g3 Kg7 32. h4 Rc7 33. Be4 Bf8 34. Kh3 Na7 35. Qc2 Nc6 36. Rg1 Be7 37. Qd1 Kf8 38. g4 hxg4+ 39. Qxg4 Ke8 40. h5 gxh5 41. Qxh5 Na5 42. Rg8+ Bf8 43. Rxf8+ Kxf8 44. Qh8+ Ke7 45. Qxb8 Nxb3 46. Be1 1-0

[Event "CRO-chT2 East"]
[Site "Osijek"]
[Date "2013.05.11"]
[Round "4.62"]
[White "Stefancic, Zeljko"]
[Black "Dvornic, Mladen"]
[Result "0-1"]
[WhiteElo "1674"]
[BlackElo "2286"]
[PlyCount "138"]
[EventDate "2013.04.20"]
[EventType "team-tourn"]
[EventRounds "11"]
[EventCountry "CRO"]
[SourceTitle "EXT 2023"]
[Source "ChessBase"]
[SourceDate "2022.10.05"]
[SourceVersion "1"]
[SourceVersionDate "2022.10.05"]
[SourceQuality "1"]

1. d4 d5 2. c4 e6 3. Nf3 Nf6 4. Nc3 Be7 5. Bg5 h6 6. Bh4 0-0 7. e3 b6 8. cxd5 Nxd5 9. Bxe7 Qxe7 10. Bd3 Bb7 11. 0-0 Nd7 12. Rc1 c5 13. a3 Rac8 14. Qe2 Nxc3 15. Rxc3 cxd4 16. Rxc8 Rxc8 17. exd4 Qf6 18. Ne5 Nxe5 19. dxe5 Qf4 20. g3 Qf3 21. Qxf3 Bxf3 22. Re1 Rc5 23. Be4 Bxe4 24. Rxe4 g5 25. Kf1 Kg7 26. f3 Kg6 27. g4 Rc1+ 28. Kf2 Rh1 29. Kg2 Rb1 30. Re2 Kg7 31. Kf2 Kf8 32. Ke3 Ke7 33. Rd2 Re1+ 34. Kd4 Kd7 35. Rc2 a6 36. a4 Ra1 37. Rc4 a5 38. Kd3 Rd1+ 39. Ke3 Re1+ 40. Kd4 Rd1+ 41. Ke3 Rb1 42. Rc2 Ra1 43. Rc4 Ra2 44. b3 Rb2 45. Rc3 Rxh2 46. Kd4 h5 47. gxh5 Rh4+ 48. Ke3 Rxh5 49. Kf2 Rh2+ 50. Ke3 Rh4 51. Kf2 Rd4 52. Ke3 Rd1 53. Ke4 Rh1 54. Kd4 Rh4+ 55. Ke3 Ke7 56. Rc7+ Kf8 57. Kd3 Rf4 58. Ke3 Rb4 59. Rc3 Kg7 60. Kf2 Kg6 61. Kg3 Kf5 62. Rc7 Kxe5 63. Rxf7 Rxb3 64. Rb7 Rb4 65. Rb8 Kd6 66. Kf2 Kc7 67. Rg8 Rxa4 68. Rxg5 Rd4 69. Ke3 Rd5 0-1

[Event "CRO-chT2 East"]
[Site "Osijek"]
[Date "2013.04.21"]
[Round "3.22"]
[White "Stocko, Josip"]
[Black "Stefancic, Zeljko"]
[Result "1-0"]
[WhiteElo "2192"]
[BlackElo "1674"]
[PlyCount "47"]
[EventDate "2013.04.20"]
[EventType "team-tourn"]
[EventRounds "11"]
[EventCountry "CRO"]
[SourceTitle "EXT 2023"]
[Source "ChessBase"]
[SourceDate "2022.10.05"]
[SourceVersion "1"]
[SourceVersionDate "2022.10.05"]
[SourceQuality "1"]

1. e4 e5 2. Nf3 Nc6 3. Bb5 a6 4. Ba4 Nf6 5. 0-0 b5 6. Bb3 Be7 7. Re1 d6 8. c3 0-0 9. h3 Na5 10. Bc2 c5 11. d4 Qc7 12. b4 cxb4 13. cxb4 Nc6 14. Bb2 Nxb4 15. Bb3 Nc6 16. Nc3 exd4 17. Nd5 Nxd5 18. Bxd5 Bb7 19. Rc1 Qd7 20. Bxc6 Bxc6 21. Nxd4 Rac8 22. Nf5 f6 23. Qg4 Bd8 24. Rxc6 1-0

[Event "CRO-chT2 East"]
[Site "Osijek"]
[Date "2013.04.20"]
[Round "1.32"]
[White "Oreskovic, Pero"]
[Black "Stefancic, Zeljko"]
[Result "1-0"]
[WhiteElo "2041"]
[BlackElo "1674"]
[PlyCount "103"]
[EventDate "2013.04.20"]
[EventType "team-tourn"]
[EventRounds "11"]
[EventCountry "CRO"]
[SourceTitle "EXT 2023"]
[Source "ChessBase"]
[SourceDate "2022.10.05"]
[SourceVersion "1"]
[SourceVersionDate "2022.10.05"]
[SourceQuality "1"]

1. d4 d5 2. e3 Nf6 3. Bd3 Bg4 4. Nf3 e6 5. Nbd2 c5 6. c3 Nc6 7. h3 Bh5 8. 0-0 Bd6 9. Re1 Qb6 10. dxc5 Bxc5 11. Qe2 Bg6 12. Nd4 Bxd3 13. Qxd3 0-0 14. N2b3 Bd6 15. Re2 a6 16. Bd2 Ne5 17. Qc2 Rac8 18. f3 Nc4 19. Rc1 Bc7 20. Be1 Qd6 21. g4 g6 22. Nd2 Bb6 23. Nxc4 Rxc4 24. Kg2 Bc7 25. Kh1 Rc8 26. Rg2 Bb6 27. Qd2 Ba7 28. Rd1 b5 29. Ne2 Qe5 30. Bf2 b4 31. Re1 a5 32. f4 Qe4 33. Kh2 Qf3 34. Ng1 Qe4 35. Ne2 a4 36. Nd4 bxc3 37. bxc3 Rxc3 38. Bh4 Kg7 39. Ree2 Rd3 40. Qb2 Bxd4 41. exd4 Qxd4 42. f5 Qxb2 43. Rxb2 Rcc3 44. Bg3 Ne4 45. Be5+ Kf8 46. Bxc3 Rxc3 47. fxe6 fxe6 48. Rb7 Ke8 49. Rgb2 h5 50. gxh5 gxh5 51. Rh7 Rc8 52. Rbb7 1-0